Korupcia, ako neformálna inštitúcia a jej vplyv na medzinárodný obchod diplomová práca

Gespeichert in:
Bibliographische Detailangaben
1. Verfasser: Roh, Filip
Körperschaft: Obchodná fakulta EU. Katedra medzinárodného obchodu
Weitere Verfasser: Steinhauser, Dušan, 1988-
Format: Buch
Sprache:Slowakisch
Veröffentlicht: Bratislava 2020
Tags: Tag hinzufügen
Keine Tags, Fügen Sie das erste Tag hinzu!

MARC

LEADER 00000nbm a2200000 4500
001 0266283
005 20201008083716.2
041 0 |a slo 
044 |a SK 
245 1 0 |a Korupcia, ako neformálna inštitúcia a jej vplyv na medzinárodný obchod  |b diplomová práca  |c Filip Roh ; školiteľ: Dušan Steinhauser 
264 1 |a Bratislava  |c 2020 
300 |a 60 s. 
100 1 |a Roh, Filip 
700 1 |a Steinhauser, Dušan, 1988- 
710 2 |a Obchodná fakulta EU. Katedra medzinárodného obchodu